<?xml version="1.0" encoding="UTF-8"?>
<record
    xmlns:xsi="http://www.w3.org/2001/XMLSchema-instance"
    xsi:schemaLocation="http://www.loc.gov/MARC21/slim http://www.loc.gov/standards/marcxml/schema/MARC21slim.xsd"
    xmlns="http://www.loc.gov/MARC21/slim">

  <leader>01581nam a22002537a 4500</leader>
  <datafield tag="952" ind1=" " ind2=" ">
    <subfield code="0">0</subfield>
    <subfield code="1">0</subfield>
    <subfield code="2">lcc</subfield>
    <subfield code="4">0</subfield>
    <subfield code="7">0</subfield>
    <subfield code="a">09</subfield>
    <subfield code="b">09</subfield>
    <subfield code="d">2019-07-17</subfield>
    <subfield code="l">0</subfield>
    <subfield code="o">KGF1731  L66</subfield>
    <subfield code="p">26 000032</subfield>
    <subfield code="r">2019-07-17</subfield>
    <subfield code="t">1</subfield>
    <subfield code="w">2019-07-17</subfield>
    <subfield code="y">LB</subfield>
  </datafield>
  <datafield tag="952" ind1=" " ind2=" ">
    <subfield code="0">0</subfield>
    <subfield code="1">0</subfield>
    <subfield code="2">lcc</subfield>
    <subfield code="4">0</subfield>
    <subfield code="7">0</subfield>
    <subfield code="a">09</subfield>
    <subfield code="b">09</subfield>
    <subfield code="d">2019-07-17</subfield>
    <subfield code="l">0</subfield>
    <subfield code="o">KGF1731  L66</subfield>
    <subfield code="p">26 000033</subfield>
    <subfield code="r">2019-07-17</subfield>
    <subfield code="t">2</subfield>
    <subfield code="w">2019-07-17</subfield>
    <subfield code="y">LB</subfield>
  </datafield>
  <datafield tag="952" ind1=" " ind2=" ">
    <subfield code="0">0</subfield>
    <subfield code="1">0</subfield>
    <subfield code="2">lcc</subfield>
    <subfield code="4">0</subfield>
    <subfield code="7">0</subfield>
    <subfield code="a">09</subfield>
    <subfield code="b">09</subfield>
    <subfield code="d">2019-07-17</subfield>
    <subfield code="l">0</subfield>
    <subfield code="o">KGF1731  L66</subfield>
    <subfield code="p">26 000034</subfield>
    <subfield code="r">2019-07-17</subfield>
    <subfield code="t">3</subfield>
    <subfield code="w">2019-07-17</subfield>
    <subfield code="y">LB</subfield>
  </datafield>
  <datafield tag="999" ind1=" " ind2=" ">
    <subfield code="c">104338</subfield>
    <subfield code="d">104338</subfield>
  </datafield>
  <controlfield tag="003">OSt</controlfield>
  <controlfield tag="005">20231102152114.0</controlfield>
  <controlfield tag="008">190717b2006             z    001 0 spa u</controlfield>
  <datafield tag="020" ind1=" " ind2=" ">
    <subfield code="a">9700759261</subfield>
  </datafield>
  <datafield tag="040" ind1=" " ind2=" ">
    <subfield code="c">UIN</subfield>
  </datafield>
  <datafield tag="050" ind1=" " ind2="4">
    <subfield code="a">KGF1731 </subfield>
    <subfield code="b">L66 </subfield>
  </datafield>
  <datafield tag="100" ind1="1" ind2=" ">
    <subfield code="a">L&#xF3;pez-Bassolos, Hermilo</subfield>
    <subfield code="e"> , autor </subfield>
  </datafield>
  <datafield tag="245" ind1="1" ind2="0">
    <subfield code="a">Tratado de derecho dipl&#xF3;matico y consular</subfield>
    <subfield code="b"> : historia, doctrina, codificaci&#xF3;n y pr&#xE1;ctica</subfield>
    <subfield code="c"> / Hermilo L&#xF3;pez-Bassols</subfield>
  </datafield>
  <datafield tag="260" ind1=" " ind2=" ">
    <subfield code="a">M&#xE9;xico</subfield>
    <subfield code="b"> : Porr&#xFA;a</subfield>
    <subfield code="c">, 2006</subfield>
  </datafield>
  <datafield tag="300" ind1=" " ind2=" ">
    <subfield code="a">827 p&#xE1;ginas</subfield>
  </datafield>
  <datafield tag="504" ind1=" " ind2=" ">
    <subfield code="a">Bibliograf&#xED;a p.p. 821 - 827</subfield>
  </datafield>
  <datafield tag="505" ind1="0" ind2=" ">
    <subfield code="a">Antecedentes de la instituci&#xF3;n diplom&#xE1;tica. Introducci&#xF3;n
Desarrollo contempor&#xE1;neo de la codificaci&#xF3;n del Derecho Diplom&#xE1;tico y Consular (siglos  XIX y XX)
La Convenci&#xF3;n de Viena sobre relaciones diplom&#xE1;ticas de 1961
La Convenci&#xF3;n de Viena sobre relaciones consulares 1963
Disposiciones del poder Legislativo y Ejecutivo sobre la secretar&#xED;a de Relaciones Exteriores y el Servicio Exterior Mexicano
EL caso Avena y otros nacionales mexicanos (M&#xE9;xico C. Estados Unidos) ante la Corte Internacional de Justicia</subfield>
  </datafield>
  <datafield tag="519" ind1=" " ind2=" ">
    <subfield code="a">Modalidad Ejecutiva / </subfield>
    <subfield code="b">Relaciones Internacionales /</subfield>
    <subfield code="c">Derecho Diplom&#xE1;tico y Consular (13501D07) / </subfield>
    <subfield code="d">(26 000032) </subfield>
  </datafield>
  <datafield tag="519" ind1=" " ind2=" ">
    <subfield code="a">Modalidad Ejecutiva / </subfield>
    <subfield code="b">Relaciones Internacionales /</subfield>
    <subfield code="c">Derecho Diplom&#xE1;tico y Consular (13501D07) / </subfield>
    <subfield code="d">(26 000033)</subfield>
  </datafield>
  <datafield tag="519" ind1=" " ind2=" ">
    <subfield code="a">Modalidad Ejecutiva / </subfield>
    <subfield code="b">Relaciones Internacionales /</subfield>
    <subfield code="c">Derecho Diplom&#xE1;tico y Consular (13501D07) / </subfield>
    <subfield code="d">(26 000034) </subfield>
  </datafield>
  <datafield tag="650" ind1=" " ind2="4">
    <subfield code="a">DERECHO CONSULAR</subfield>
    <subfield code="z">M&#xC9;XICO</subfield>
  </datafield>
  <datafield tag="650" ind1=" " ind2="0">
    <subfield code="a">SERVICIO DIPLOM&#xC1;TICO Y CONSULAR MEXICANO</subfield>
  </datafield>
  <datafield tag="942" ind1=" " ind2=" ">
    <subfield code="c">LB</subfield>
  </datafield>
</record>
